00331nam a22001457a 4500003000700000005001700007008004100024082001700065100002000082245001900102250001100121260003400132300000800166650001100174MPLRDC20220104123356.0210129b ||||| |||| 00| 0 eng d a435.8 HQM-2  a黄启敏编译 a杂木盆栽c a再版 ab世界文物出版社c1981 b平 a盆栽